Stratification, phase inversion and particle break down during extrusion of natural rubber - ethylene vinyl acetate copolymer blends (Record no. 50904)

MARC details
000 -LEADER
fixed length control field 00581nam a2200193Ia 4500
100 ## - MAIN ENTRY--AUTHOR NAME
Personal name Koshy A.T.
245 #0 - TITLE STATEMENT
Title Stratification, phase inversion and particle break down during extrusion of natural rubber - ethylene vinyl acetate copolymer blends
260 ## - PUBLICATION, DISTRIBUTION, ETC. (IMPRINT)
Name of publisher Kautschuk Gummi Kunststoffe
Year of publication 1994
300 ## - PHYSICAL DESCRIPTION
Number of Pages 108-110
650 ## - SUBJECT ADDED ENTRY--TOPICAL TERM
Topical Term Blend
650 ## - SUBJECT ADDED ENTRY--TOPICAL TERM
Topical Term Ethylene vinyl acetate
650 ## - SUBJECT ADDED ENTRY--TOPICAL TERM
Topical Term Extrusion
650 ## - SUBJECT ADDED ENTRY--TOPICAL TERM
Topical Term Natural rubber
650 ## - SUBJECT ADDED ENTRY--TOPICAL TERM
Topical Term Stratification
700 ## - ADDED ENTRY--PERSONAL NAME
Personal name Kuriakose B.
700 ## - ADDED ENTRY--PERSONAL NAME
Personal name Thomas S.
942 ## - ADDED ENTRY ELEMENTS (KOHA)
Koha item type Bibliography STAF
Holdings
Withdrawn status Lost status Damaged status Not for loan Home library Current library Shelving location Date acquired Serial Enumeration / chronology Koha item type
      Bibliography RRII Library RRII Library Rubber chemistry 09/04/2014 Volume 47, Issue 2 Bibliography STAF